| 000 | 01169nam a22002657a 4500 | ||
|---|---|---|---|
| 005 | 20170124103040.0 | ||
| 010 | _aA-706231 | ||
| 020 | _c50.00 | ||
| 035 | _aA-706231 | ||
| 037 | _bCen Lib/Ret | ||
| 040 |
_aDPL _bHN |
||
| 082 |
_aक _bजिब्रान |
||
| 100 |
_aजिब्रान, खलील _966908 |
||
| 245 |
_aमंदिर के द्वार पर / _cखलील जिब्रान ; अनुवादक नरेन्द्र शर्मा |
||
| 246 |
_aMandir ke dvar par / _bby Kaleel Jibraan ; anuvadak Narendra Sharma |
||
| 260 |
_aदिल्ली _bसाहित्य प्रचारक _c1994 |
||
| 270 |
_bदिल्ली _a3014, वल्लिमारान _e110006 |
||
| 300 |
_a120पृ. _c16सेमी (सजिल्द) |
||
| 650 |
_aहिन्दी साहित्य _966909 |
||
| 650 |
_aहिन्दी साहित्य _xकहानियां _963853 |
||
| 650 |
_aHindi Literature _966910 |
||
| 650 |
_aHindi Literature _xstories _966911 |
||
| 700 |
_aशर्मा, नरेन्द्र _966912 |
||
| 942 |
_2ddc _cHN _hक _mजिब्रान |
||
| 999 |
_c116510 _d116510 |
||